000 00689nam a2200229Ia 4500
003 OSt
005 20220923212045.0
006 a|||||r|||| 00| 0
007 ta
008 220922b |||||||| |||| 00| 0 hin d
024 _a150,380
037 _cTextual
040 _aARTS
_cARTS
_bhin
041 _2hin
_ahin
082 _aB7:2, 152K4.1-.2
100 _aरैमजे, ए एस
_9162009
245 0 _aगति विज्ञान, लज्जाराम सिंहल अनु
246 _aGati vijnyāna, lajjārām sianhal anu0
260 _c1964
942 _hB7:2, 152K4.1-.2
_cTEXL
_2CC
999 _c306060
_d306060